| 000 | 01368cam a2200301 i 4500 | ||
|---|---|---|---|
| 003 | SA-RiAUC | ||
| 005 | 20241213175409.0 | ||
| 008 | 241212s2011____su g f001 0bara c | ||
| 020 | _a9789960000503 | ||
| 040 |
_aSA-JeALM _bara _cSA-RiAUC _erda |
||
| 082 | 0 | 4 |
_a920.2 _qSA-RiAUC |
| 090 |
_a920.2 _bس ي د |
||
| 100 | 1 |
_aسيدو، أمين سليمان، _d1956- _eمؤلف. |
|
| 245 | 1 | 0 |
_aيحيى محمود ابن جنيد : _bجليس الكتب، وأنيس المكتبات / _cأمين سليمان سيدو. |
| 264 | 1 |
_aالرياض : _bمكتبة الملك فهد الوطنية، _c2011 |
|
| 300 |
_a138 صفحة ؛ _c24 سم. |
||
| 336 |
_aنص _btxt _2rdacontent _3كتاب |
||
| 337 |
_aبدون وسيط _bn _2rdamedia |
||
| 338 |
_aمجلد _bnc _2rdacarrier |
||
| 490 | 1 |
_aمطبوعات مكتبة الملك فهد الوطنية ؛ _vالسلسلة الثالثة ؛ _v81 |
|
| 500 | _aيشتمل على كشاف. | ||
| 500 | _aاهداء من المؤلف امين سيدو بتاريخ 1 / 1 / 1433 هـ | ||
| 600 | 1 | 7 |
_aساعاتي، يحيى محمود جنيد، _d1366 هجري- _2aucnm |
| 650 | 7 |
_aالمكتبيون السعوديون _vتراجم _2aucsh |
|
| 830 | 0 |
_aمطبوعات مكتبة الملك فهد الوطنية. _pالسلسلة الثالثة _v81 |
|
| 942 |
_2ddc _cBOOK _n0 |
||
| 949 |
_aSA-JeALM _d241212 _uosman123 _n1 |
||
| 999 |
_c3449 _d3449 |
||